Natal plants (Record no. 18847)

MARC details
000 -LEADER
fixed length control field 00488nam a2200193Ia 4500
008 - FIXED-LENGTH DATA ELEMENTS--GENERAL INFORMATION
fixed length control field 191130s1899##################000#0#eng##
040 ## - CATALOGING SOURCE
Original cataloging agency ACL
Transcribing agency ACL
082 ## - DEWEY DECIMAL CLASSIFICATION NUMBER
Classification number 581.9682 WOO
100 ## - MAIN ENTRY--PERSONAL NAME
Personal name Wood, J. M
245 ## - TITLE STATEMENT
Title Natal plants
Statement of responsibility, etc. J.M. Wood
250 ## - EDITION STATEMENT
Edition statement 1st ed
260 ## - PUBLICATION, DISTRIBUTION, ETC.
Place of publication, distribution, etc. New York
Name of publisher, distributor, etc. Bennett & Davis
Date of publication, distribution, etc. 1899
300 ## - PHYSICAL DESCRIPTION
Extent 600 p., : ill
500 ## - GENERAL NOTE
General note Includes index
650 ## - SUBJECT ADDED ENTRY--TOPICAL TERM
Topical term or geographic name entry element Science Section
990 ## - EQUIVALENCES OR CROSS-REFERENCES [LOCAL, CANADA]
Link information for 9XX fields 99fbf8c9ac10000c59e4be67fa81a4a4
991 ## -
-- 208913
Holdings
Withdrawn status Lost status Materials specified (bound volume or other part) Damaged status Not for loan Home library Current library Shelving location Date acquired Total Checkouts Full call number Barcode Date last seen Price effective from Koha item type
    pbk     Anna Centenary Library Anna Centenary Library 5TH FLOOR, B WING 09.10.2020   581.9682 WOO 172994 09.10.2020 09.10.2020 English Books

Find us on the map